01295nam a2200241 a 4500001001000000005001700010041000800027044000700035084002000042100004500062245008400107260003000191300001700221500019200238500034900430500001000779546002700789650005200816650005600868650003400924650004500958740005001003BRCA_344420190320204303.0 apor apo a733b.R65c17941 aCervantes Saavedra, Miguel ded1547-161610aO Engenhoso Fidalgo Dom Quixote de la Manchacpor Miguel de Cervantes Saavedra. aLisboabRollandianac1794 a6 v.c15 cm. aContenido : v.1. Primera parte. -- v.2. Primera parte. Texto. -- v.3. Primera parte. Texto. Final. -- v.4. Segunda parte. -- v.5. Segunda parte. Texto. -- v.6. Segunda parte. Texto. Final aPrimera traducción portuguesa de autor anónimo, hecha literalmente de la segunda edición de Juan de la Cuesta. Suprime los versos preliminares, las dedicatorias y prólogos de ambas partes, y deja las poesías intercaladas en español. La impresión y papel dejan mucho que desear. Piel; lomeras adornadas con dorados Lúdovik Osterc aQM572 aTexto en : portugués14aNovela españolayÉpoca clásica, 1500-170014aLiteratura españolayÉpoca clásica, 1500-170014aNovela españolaySiglo XVII14aDon Quijote (Personaje ficticio)eNovela0 aEl Ingenioso Hidalgo Don Quijote de la Mancha